[Event "Rhein Main op-A 18th"]
[Site "Bad Homburg"]
[Date "2015.06.04"]
[Round "2"]
[White "Boettger, Ulf"]
[Black "Zweschper, Erich"]
[Result "0-1"]
[WhiteElo "1794"]
[BlackElo "1989"]
[PlyCount "46"]
[EventDate "2015.06.03"]
[EventType "swiss"]
[EventRounds "7"]
[EventCountry "GER"]
[SourceTitle "CBM 167 Extra"]
[Source "ChessBase"]
[SourceDate "2015.09.14"]
[SourceVersion "1"]
[SourceVersionDate "2015.09.14"]
[SourceQuality "1"]

1. d4 g6 2. c4 Bg7 3. Nc3 d6 4. Nf3 e6 5. e4 Nd7 6. Be2 Ne7 7. 0-0 h6 8. Re1 0-0 9. Qc2 b6 10. Be3 Bb7 11. Rad1 f5 12. h3 a6 13. b3 Qe8 14. a3 Qf7 15. Bc1 g5 16. Rf1 Rae8 17. exf5 Nxf5 18. Rd2 Bxf3 19. Bxf3 Nxd4 20. Rxd4 Bxd4 21. Nd5 Ne5 22. Ne3 Nxf3+ 23. gxf3 Qh5 0-1

[Event "Bielefeld Gr5"]
[Site "Bielefeld"]
[Date "2006.06.04"]
[Round "5"]
[White "Boettger, Ulf"]
[Black "Rempel, Alexander"]
[Result "1-0"]
[WhiteElo "1702"]
[BlackElo "1654"]
[PlyCount "21"]
[EventDate "2006.06.02"]
[EventType "tourn"]
[EventRounds "7"]
[EventCountry "GER"]
[SourceTitle "EXT 2007"]
[Source "ChessBase"]
[SourceDate "2006.11.23"]
[SourceVersion "1"]
[SourceVersionDate "2006.11.23"]
[SourceQuality "1"]

1. d4 Nf6 2. c4 g6 3. Nc3 d5 4. Nf3 Bg7 5. Bg5 Nc6 6. e3 e6 7. Ne5 Ne7 8. Qf3 Nf5 9. g4 Nh6 10. Bh4 Nhg8 11. g5 1-0